000 00834nam a2200229 a 4500
001 BRCA_2229
005 20190320203725.0
008 950808s1994 mx-a---##b---#000-0#spa-u
020 _a9686904026
040 _aDLC
_cDLC
_dDLC
050 4 _aNA750
_b.A48 1994
100 1 _aAlva Martínez, Ernesto
_96708
245 1 0 _aRestauración y remodelación en la arquitectura mexicana
_c[autor, Ernesto Alva Martínez ; textos, Luis Arnal Simón, Ernesto Alva Martínez].
260 _aMéxico
_bCOMEX
_c1994
300 _a202 p.
_bil. a color
_c28 cm.
500 _aIncluye índice de obras y autores
504 _aBibliografía: p. [203]
650 1 4 _aArquitectura
_xConservación y restauración
_zMéxico
_93956
650 1 4 _aEdificios
_xRemodelación para otro uso
_zMéxico
_93957
700 1 _aArnal Simón, Luis
_96709
942 _2lcc
_cB
999 _c1981
_d1981